000 00389nam a2200157Ia 4500
005 20240807062150.0
008 240806s9999||||xx |||||||||||||| ||eng||
041 _aeng
082 _a303.4
_bSRIS
100 _aSriwastav Dr. A. R. N.
245 0 _aSamajik parivartan /
_cSriwastav Dr. A. R. N.
260 _bShekhar Prakashan All.
300 _a168
650 _aSociology
942 _cBK
999 _c10466
_d10466